00000000nam 2200000zi 4500
0019.947428
003CaOODSP
00520250129101936
006m     o  d f      
007cr cn|||||||||
008250128t20042004qucbdo  ob   f000 0 fre d
020 |z0662761138|qversion papier
020 |z0662761154|qversion pdf
020 |z0662761146|qversion cédérom
040 |aCaOODSP|bfre|erda|cCaOODSP
043 |an-cn---|an-us---
0861 |aEn57-52/132F-PDF|zEn56-193/2004F|zEn56-193/2004F-PDF|zEn56-193/2004F-MRC
1001 |aDoyon, Bernard,|d1963- |eauteur.
24510|aCrues du fleuve Saint-Laurent : |bconstruction de courbes d'endommagement par submersion applicables aux résidences installées dans la plaine inondable / |cBernard Doyon, Jean-Philippe Côté, Laurent Bonnifait, Nicolas Roy, Alexandre Morin et Étienne Dallaire.
264 1|aSainte-Foy : |bEnvironnement Canada, |c2004.
264 4|c©2004
300 |a1 ressource en ligne (vii, 51 pages) : |bcartes, graphiques, photographies.
336 |atexte|btxt|2rdacontent/fre
337 |ainformatique|bc|2rdamedia/fre
338 |aressource en ligne|bcr|2rdacarrier/fre
4901 |aRapport technique SMC Québec - Section hydrologie ; |vRT-132
500 |a« Mars 2004. »
500 |aTitre de la couverture.
500 |aLe numéro de catalogue (En56-193/2004F-PDF) et ISBN (0662761154) imprimés dans cette publication sont incorrects.
500 |aÉdition numérisée de l’imprimé [par Environnement et changement climatique Canada].
500 |a« Préparé pour le Groupe de travail technique sur les processus littoraux du Groupe d'étude international sur le lac Ontario et le fleuve Saint-Laurent (Commission Mixte Internationale). »
504 |aComprend des références bibliographiques (pages 46-48).
520 |a« On trouvera dans ce document un compte-rendu des activités menées au cours de l'automne 2003 et de l'hiver 2004 au Service météorologique du Canada, Région du Québec, Section Hydrologie (SMC Québec - Hydrologie) dans le cadre du projet d'étude piloté par le Groupe d'étude internationale sur le lac Ontario et le fleuve Saint-Laurent (LOFSL). Comme l'indique le titre de ce document, les activités réalisées pendant cette période portent essentiellement sur la construction de courbes de type « Hauteur de submersion - Dommages » applicables aux résidences installées dans la plaine inondable du fleuve Saint-Laurent. La confection de ces courbes a nécessité, entre autres, la tenue d'une enquéte de terrain effectuée auprès de riverains de la région des îles de Sorel. Le présent rapport décrit ces deux activités et propose, en guise de préambule, un bref historique relatant les principaux épisodes d'inondation du fleuve » -- Introduction, page [1].
650 6|aDommages causés par les inondations|zSaint-Laurent (Fleuve)|xMesure.
650 6|aDommages causés par les inondations|zSaint-Laurent (Fleuve)|xModèles mathématiques.
650 0|aFlood damage|zSaint Lawrence River|xMeasurement.
650 0|aFlood damage|zSaint Lawrence River|xMathematical models.
7102 |aService météorologique du Canada. |bRégion du Québec. |bSection hydrologie‏, |eorganisme de publication.
830#0|aRapport technique SMC - Section hydrologie ;|vRT-132.|w(CaOODSP)9.920057
85640|qPDF|s1.88 Mo|uhttps://publications.gc.ca/collections/collection_2025/eccc/en57/En57-52-132-fra.pdf